Most Popular Kanye West Songs - Statistics

General Stats
  • This quiz has been taken 73 times
    66 since last reset
  • The average score is 35 of 110
Answer Stats
Hint Answer % Correct
770,493,000 Runaway (feat. Pusha T)
85%
1,451,124,000 Stronger
80%
1,204,040,000 Gold Digger (feat. Jamie Foxx)
75%
1,150,911,000 Flashing Lights (feat. Dwele)
73%
711,490,000 All Of The Lights (feat. Rihanna, Kid Cudi, Fergie)
69%
1,413,966,000 Heartless
69%
694,888,000 All Falls Down (feat. Syleena Johnson)
68%
1,002,391,000 Bound 2
66%
569,525,000 [¥$] CARNIVAL (feat. Rich The Kid, Playboi Carti)
66%
486,319,000 Devil In A New Dress (feat. Rick Ross)
66%
767,831,000 I Wonder
64%
355,906,000 Through The Wire
63%
962,508,000 POWER
61%
319,038,000 Good Morning
59%
1,492,770,000 [The Throne] Ni**as In Paris
59%
627,825,000 Can't Tell Me Nothing
58%
725,050,000 Homecoming (feat. Chris Martin)
58%
541,903,000 Ghost Town (feat. PARTYNEXTDOOR, Kid Cudi, 070 Shake)
56%
1,186,582,000 Father Stretch My Hands Pt. 1 (feat. Kid Cudi)
53%
366,044,000 Touch The Sky (feat. Lupe Fiasco)
53%
371,713,000 Monster (feat. JAY-Z, Rick Ross, Nicki Minaj, Bon Iver)
51%
626,409,000 Black Skinhead
49%
237,068,000 Champion
49%
218,083,000 [Twista] Slow Jamz (feat. Jamie Foxx)
49%
629,033,000 Violent Crimes (feat. 070 Shake)
49%
230,063,000 Gorgeous (feat. Kid Cudi, Raekwon)
47%
267,250,000 Jesus Walks
47%
225,742,000 Dark Fantasy
46%
623,307,000 Famous (feat. Rihanna)
46%
192,576,000 Saint Pablo (feat. Sampha)
46%
457,741,000 Good Life (feat. T-Pain)
44%
251,018,000 No More Parties In LA (feat. Kendrick Lamar)
42%
107,657,000 Family Business
41%
102,093,000 Paranoid (feat. Mr. Hudson)
41%
231,920,000 Everything I Am (feat. DJ Premier)
39%
256,610,000 [The Throne] Otis (feat. Otis Redding)
39%
415,716,000 Hurricane (feat. The Weeknd, Lil Baby)
37%
138,619,000 On Sight
37%
100,984,000 Spaceship (feat. GLC, Consequence)
37%
278,293,000 Wolves (feat. Sia, VIC MENSA)
37%
142,465,000 [6ix9ine] MAMA (feat. Nicki Minaj)
36%
200,887,000 Blood On The Leaves
36%
143,744,000 New Slaves
36%
251,365,000 Pt. 2 (feat. Desiigner)
36%
518,168,000 All Mine
34%
177,515,000 [¥$] BURN
34%
432,214,000 Follow God
34%
108,040,000 Hey Mama
34%
205,128,000 Love Lockdown
34%
414,008,000 [The Throne] No Church In The Wild (feat. Frank Ocean, The-Dream)
34%
464,286,000 Waves (feat. Chris Brown)
34%
229,100,000 Yikes
34%
313,511,000 Moon (feat. Kid Cudi, Don Toliver)
32%
276,358,000 Off The Grid (feat. Playboi Carti, Fivio Foreign)
32%
360,877,000 Ultralight Beam (feat. The-Dream, Kelly Price, Kirk Franklin, Chance the Rapper)
31%
203,733,000 [KIDS SEE GHOSTS] 4th Dimension (feat. Louis Prima)
29%
468,958,000 Praise God (feat. Travis Scott, Baby Keem)
29%
1,168,272,000 [Rihanna] FourFiveSeconds (feat. Paul McCartney)
29%
164,019,000 Amazing (feat. Jeezy)
27%
713,681,000 I Love It (feat. Lil Pump)
27%
107,685,000 Lost In The World (feat. Bon Iver)
27%
109,702,000 No Mistakes
27%
143,236,000 Heard 'Em Say (feat. Adam Levine)
25%
786,938,000 [Estelle] American Boy
24%
108,249,000 I Thought About Killing You
24%
321,904,000 [KIDS SEE GHOSTS] Reborn
24%
246,592,000 Fade (feat. Post Malone, Ty Dolla $ign)
22%
147,195,000 [¥$] FUK SUMN (feat. Playboi Carti, Travis Scott)
22%
129,337,000 Hold My Liquor
22%
140,143,000 Jail (feat. JAY-Z)
22%
107,562,000 [KIDS SEE GHOSTS] Cudi Montage
22%
405,820,000 Mercy (feat. Big Sean, Pusha T, 2 Chainz)
22%
210,880,000 Real Friends (feat. Ty Dolla $ign)
22%
118,234,000 30 Hours
19%
172,656,000 [The Throne] Why I Love You (feat. Mr Hudson)
19%
107,311,000 Highlights (feat. The-Dream, Young Thug)
17%
118,672,000 I Love Kanye
17%
226,432,000 [The Throne] Gotta Have It
17%
119,719,000 Wouldn't Leave (feat. PARTYNEXTDOOR)
17%
614,940,000 [Drake] Forever (feat. Lil Wayne, Eminem)
15%
123,314,000 Feedback
15%
249,076,000 [Katy Perry] E.T.
15%
130,340,000 [KIDS SEE GHOSTS] Feel The Love (feat. Pusha T)
15%
293,486,000 True Love (feat. XXXTENTACION)
15%
194,625,000 [A$AP Rocky] Jukebox Joints (feat. Joe Fox)
14%
117,798,000 Closed On Sunday
14%
226,548,000 FML (feat. The Weeknd)
14%
105,027,000 [The Game] Eazy
12%
128,237,000 Believe What I Say
10%
210,581,000 [Travis Scott] Watch (feat. Lil Uzi Vert)
10%
429,205,000 [YNW Melly] Mixed Personalities
10%
164,865,000 All Day (feat. Theophilus London, Allan Kingdom, Paul McCartney)
8%
295,643,000 Champions (feat. Gucci Mane, Big Sean, 2 Chainz, Travis Scott, Yo Gotti, Quavo, Desiigner)
8%
231,227,000 Don't Like1 (feat. Chief Keef, Pusha T, Big Sean, Jadakiss)
8%
124,914,000 [Fivio Foreign] City of Gods (feat. Alicia Keys]
8%
227,496,000 [ScHoolboy Q] THat Part
8%
100,882,000 [The Throne] Who Gon Stop Me
8%
545,224,000 [JAY-Z] Run This Town (feat. Rihanna)
7%
108,893,000 Only One (feat. Paul McCartney)
7%
140,767,000 [Tyler, The Creator] SMUCKERS (feat. Lil Wayne)
7%
327,551,000 [Kid Cudi] Erase Me - Main
5%
122,943,000 [Playboi Carti] Go2DaMoon
5%
100,300,000 [Pop Smoke] Tell The Vision (feat. Pusha T)
5%
100,670,000 [Cardi B] Hot Shit (feat. Lil Durk)
3%
258,254,000 [Jeezy] Put On
3%
125,158,000 [Beyoncé] Drunk in Love Remix (feat. JAY-Z)
2%
148,263,000 [Big Sean] One Man Can Change The World (feat. John Legend)
2%
365,578,000 [Keri Hilson] Knock You Down (feat. Ne-Yo)
2%
157,628,000 [Ty Dolla $ign] Ego Death (feat. FKA twigs, Skrillex)
2%
170,884,000 [Chance the Rapper] All We Got (feat. Chicago Children's Choir)
0%
No matching quizzes found
Score Distribution
Percent of People with Each Score
Percentile by Number Answered
Your Score History
You have not taken this quiz since the last reset